000 00740nam a22002055i 4500
001 11546955
003 OSt
005 20240530110620.0
008 150304s2014 ua a b 001 0 eng
020 _a9789774166587
040 _cEG-CaGPL
082 0 4 _221
_a303.4\
_bK A
100 1 _aKorany, Bahgat.
245 1 0 _aArab human development in the twenty-first century :
_bthe primacy of empowerment /
_cedited by Bahgat Korany.
260 _aCairo :
_bAmerican University in Cairo Press,
_c2014.
300 _axxi, 394 p. :
_bill. ;
_c24 cm.
504 _aIncludes bibliographical references (p. 353-378) and index.
520 _aHuman capital; Arab countries; social change; social and economic conditions; 21st century.
942 _2ddc
_cBK
999 _c63032
_d63032